[Event "PRO League Group Stage"]
[Site "chess.com INT"]
[Date "2019.02.28"]
[Round "8"]
[White "Puranik, Abhimanyu"]
[Black "Demidov, Mikhail"]
[Result "1/2-1/2"]
[WhiteTitle "GM"]
[BlackTitle "IM"]
[WhiteElo "2536"]
[BlackElo "2520"]
[WhiteTeam "Mumbai Movers"]
[BlackTeam "Moscow Phoenix"]
[WhiteFideId "5061245"]
[BlackFideId "4197143"]
[EventDate "2019.01.08"]

1. Nf3 g6 2. g3 Bg7 3. Bg2 e5 4. d3 Ne7 5. O-O O-O 6. c4 Nbc6 7. Nc3 d6 8. a3 h6
9. Rb1 f5 10. Bd2 g5 11. b4 Ng6 12. Nd5 Nce7 13. Ne1 f4 14. b5 h5 15. e3 Bg4 16.
Bf3 Bxf3 17. Nxe7+ Qxe7 18. Qxf3 fxg3 19. Qd5+ Kh7 20. hxg3 h4 21. g4 e4 22.
Qxb7 Rae8 23. Qxe4 Qxe4 24. dxe4 Rxe4 25. f3 Rxc4 26. Nd3 Rc2 27. Rf2 Rb8 28.
Ba5 Rc4 29. Rb4 Rc3 30. Rd2 Rxa3 31. Bxc7 Rc8 32. Bxd6 Rd8 33. Nf2 Ra1+ 34. Kg2
Bc3 35. Rc2 Bxb4 36. Rc7+ Kg8 37. Bxb4 Ra2 38. Bc3 Rd3 39. Kf1 Rxe3 40. Ne4
Rxf3+ 41. Kg1 Kf8 42. Nxg5 Rd3 43. Ne6+ Ke8 44. Ng7+ Kd8 45. Ne6+ Ke8 46. Ng7+
Kd8 47. Ne6+ Ke8 48. Ng7+ Kd8 49. Ne6+ 1/2-1/2

[Event "PRO League Group Stage"]
[Site "chess.com INT"]
[Date "2019.02.28"]
[Round "8"]
[White "Tekeyev, Zaur"]
[Black "Mohammad, Nubairshah Shaikh"]
[Result "0-1"]
[WhiteTitle "FM"]
[BlackTitle "IM"]
[WhiteElo "2392"]
[BlackElo "2437"]
[WhiteTeam "Moscow Phoenix"]
[BlackTeam "Mumbai Movers"]
[WhiteFideId "4199731"]
[BlackFideId "5053196"]
[EventDate "2019.01.08"]

1. e4 c6 2. d4 d5 3. Nd2 dxe4 4. Nxe4 Bf5 5. Ng3 Bg6 6. Nh3 Nf6 7. c3 e6 8. Nf4
Bd6 9. h4 Bxf4 10. Bxf4 h6 11. a4 O-O 12. a5 Nd5 13. Bd2 Re8 14. h5 Bh7 15. Be2
Nd7 16. O-O e5 17. c4 Nf4 18. Bg4 Nf6 19. Be3 Nd3 20. dxe5 Nxg4 21. Qxg4 Nxe5
22. Qf4 Nd3 23. Qg4 Ne5 24. Qf4 Qd3 25. Rac1 Qd7 26. Rcd1 Nd3 27. Qf3 Qe6 28. b3
c5 29. Ne2 Be4 30. Qg3 Qe5 31. Bxh6 Rad8 32. Bg5 f6 33. Bf4 Qxh5 34. f3 Bh7 35.
Nc3 Qf5 36. Bc7 Rd4 37. Ne4 Qe6 38. Bd6 Bxe4 39. Bxc5 Nxc5 40. Rxd4 Bc2 41. b4
Nd7 42. Qf2 Bg6 43. Rfd1 Ne5 44. c5 a6 45. Rd6 Qb3 46. Rd8 Qxb4 47. Rxe8+ Bxe8
48. Rd8 Kf7 49. Qg3 Qb1+ 50. Kh2 Qh7+ 51. Kg1 Qc2 52. Qh4 Qxc5+ 53. Kh2 Ng6 54.
Qe4 Qc7+ 55. g3 Qxd8 56. Qxb7+ Qd7 57. Qxa6 Ne5 58. Qe2 Qb5 59. Qa2+ Qc4 60. Qa3
Qe2+ 61. Kh3 Bd7+ 62. g4 Qxf3+ 63. Qxf3 Nxf3 64. a6 Bc6 65. a7 Ba8 0-1

[Event "PRO League Group Stage"]
[Site "chess.com INT"]
[Date "2019.02.28"]
[Round "8"]
[White "Kuznetsov, Mikhail V."]
[Black "Sadhwani, Raunak"]
[Result "1/2-1/2"]
[WhiteTitle "FM"]
[BlackTitle "IM"]
[WhiteElo "2292"]
[BlackElo "2451"]
[WhiteTeam "Moscow Phoenix"]
[BlackTeam "Mumbai Movers"]
[WhiteFideId "4194900"]
[BlackFideId "35093487"]
[EventDate "2019.01.08"]

1. d4 d6 2. Nf3 g6 3. g3 Bg7 4. Bg2 Nf6 5. O-O O-O 6. Nc3 Nbd7 7. e4 e5 8. Re1
exd4 9. Nxd4 Re8 10. h3 Nc5 11. Bf4 Nh5 12. Be3 Nf6 13. Bf4 Nh5 14. Be3 a5 15.
a4 Bd7 16. Qd2 Qc8 17. Kh2 c6 18. f4 Qc7 19. Rad1 Rad8 20. Bf2 Bc8 21. Bf3 Nf6
22. g4 d5 23. e5 Nfe4 24. Bxe4 dxe4 25. Qe3 f6 26. Ndb5 cxb5 27. Nxb5 Qf7 28.
Qxc5 fxe5 29. Nd6 Rxd6 30. Qxd6 exf4 31. Bd4 Bh6 32. Bc3 f3 33. Qd4 Bf4+ 34. Kh1
Be5 35. Qxe4 f2 36. Bxe5 fxe1=Q+ 37. Rxe1 b6 38. Kg1 Bb7 39. Qd3 Bc6 40. Qb3 Bd5
41. Qg3 Qd7 42. Bc3 Qxa4 43. Rxe8+ Qxe8 44. Qe5 Qxe5 45. Bxe5 b5 46. Bc7 a4 47.
Bd6 Be4 48. c3 Kf7 49. Kh2 Ke6 50. Ba3 Ke5 51. Kg3 Bd5 52. h4 Bf7 53. g5 Ke4 54.
Bb4 Be6 55. Ba3 Kd3 56. Bb4 Bf5 57. Ba3 Ke4 58. Bb4 Be6 59. Ba3 Kf5 60. Bb4 Bd5
61. Ba3 Ke6 62. Bb4 Kf7 63. Ba3 Kg7 64. Bb4 h5 65. gxh6+ Kxh6 66. Ba3 Kh5 67.
Bb4 g5 68. hxg5 Kxg5 69. Ba3 Kf5 70. Kf2 Ke4 71. Ke2 Bc4+ 72. Kd2 Kd5 73. Kc1
Kc6 1/2-1/2

[Event "PRO League Group Stage"]
[Site "chess.com INT"]
[Date "2019.02.28"]
[Round "8"]
[White "Adly, Ahmed"]
[Black "Savchenko, Boris"]
[Result "0-1"]
[WhiteTitle "GM"]
[BlackTitle "GM"]
[WhiteElo "2611"]
[BlackElo "2562"]
[WhiteTeam "Delhi Dynamite"]
[BlackTeam "Moscow Wizards"]
[WhiteFideId "10601619"]
[BlackFideId "4147332"]
[EventDate "2019.01.08"]

1. Nf3 g6 2. d4 Bg7 3. c4 d6 4. g3 e5 5. dxe5 dxe5 6. Qxd8+ Kxd8 7. Bg2 c6 8.
Nc3 f6 9. b3 Nh6 10. Ba3 Nf7 11. O-O-O+ Kc7 12. Ne4 Be6 13. Nc5 Bg4 14. h3 Bc8
15. Nd2 Re8 16. h4 Bf8 17. Nde4 Be7 18. h5 g5 19. Kb2 f5 20. Nc3 e4 21. g4 Bf6
22. Kc2 b6 23. N5a4 Be6 24. f3 e3 25. Bh3 f4 26. Ne4 Be7 27. c5 Nd7 28. Nd6 Bxd6
29. cxd6+ Kb7 30. Nc3 h6 31. Ne4 Bd5 32. Nc3 Re5 33. Bb2 Rc8 34. Nxd5 Rxd5 35.
Ba3 a5 36. Kb1 Rxd1+ 37. Rxd1 c5 38. Bb2 Kc6 39. Kc2 Re8 40. a3 Nxd6 41. Bg7 Re6
42. Bf1 Ne8 43. Bc3 Re7 44. b4 axb4 45. axb4 Nd6 46. bxc5 Nxc5 47. Ra1 Nb5 48.
Bf6 Rd7 49. Ra8 Rd2+ 50. Kc1 Kb7 0-1

[Event "PRO League Group Stage"]
[Site "chess.com INT"]
[Date "2019.02.28"]
[Round "8"]
[White "Gupta, Abhijeet"]
[Black "Usmanov, Vasily"]
[Result "0-1"]
[WhiteTitle "GM"]
[BlackTitle "IM"]
[WhiteElo "2581"]
[BlackElo "2450"]
[WhiteTeam "Delhi Dynamite"]
[BlackTeam "Moscow Wizards"]
[WhiteFideId "5010608"]
[BlackFideId "4135741"]
[EventDate "2019.01.08"]

1. d4 d5 2. Bf4 Nf6 3. e3 e6 4. Nf3 c5 5. Nbd2 Nc6 6. c3 Be7 7. Bd3 O-O 8. Ne5
Nd7 9. Qb1 f5 10. g4 cxd4 11. Nxc6 bxc6 12. exd4 e5 13. dxe5 Bg5 14. Bg3 f4 15.
Bxh7+ Kh8 16. Nf3 Nxe5 17. Nxe5 Qe7 18. h4 Qxe5+ 19. Kf1 fxg3 20. hxg5 Rxf2+ 21.
Kg1 Qe3 22. Qd3 Rf1+ 23. Kg2 Qf2+ 24. Kh3 Rxa1 0-1

[Event "PRO League Group Stage"]
[Site "chess.com INT"]
[Date "2019.02.28"]
[Round "8"]
[White "Seliverstov, Vladimir"]
[Black "Sardana, Rishi"]
[Result "1/2-1/2"]
[WhiteTitle "IM"]
[BlackTitle "IM"]
[WhiteElo "2462"]
[BlackElo "2398"]
[WhiteTeam "Moscow Wizards"]
[BlackTeam "Delhi Dynamite"]
[WhiteFideId "4192036"]
[BlackFideId "25004301"]
[EventDate "2019.01.08"]

1. d4 Nf6 2. c4 e6 3. g3 d5 4. Bg2 Bb4+ 5. Nd2 O-O 6. Qc2 b6 7. Nf3 Bb7 8. O-O
Nbd7 9. cxd5 exd5 10. Ne5 Bd6 11. Ndf3 Re8 12. Bf4 Nf8 13. Rac1 Ne6 14. e3 c5
15. Nd3 c4 16. Nde5 Ne4 17. h4 f6 18. Ng4 h5 19. Ngh2 Nxf4 20. gxf4 b5 21. Bh3
Bc8 22. Bxc8 Qxc8 23. Kh1 Qf5 24. Rg1 Rac8 25. Rg2 a5 26. Rcg1 Re7 27. Qe2 Rce8
28. Nf1 b4 29. N3d2 Nxd2 30. Nxd2 c3 31. bxc3 bxc3 32. Nb3 c2 33. Qf3 a4 34. Nc1
Rb8 35. Kh2 Rb1 36. Rg3 Ba3 37. Qg2 Qd7 38. Nd3 c1=Q 39. Nxc1 Rxc1 40. Rxc1 Bxc1
41. Qf1 Bb2 42. Qd3 Qe8 43. Qf5 Qf7 44. Rg1 a3 45. Qc8+ Re8 46. Qf5 Rd8 47. Qd3
f5 48. Rg5 g6 49. Qa6 Kh7 50. Rg1 Rg8 51. Qc6 Qe7 52. Kh3 Qf7 53. Rd1 Re8 54.
Rd3 Re6 55. Qc8 Re8 56. Qc6 Qe6 57. Qb7+ Re7 58. Qb4 Qe4 59. Kh2 Rc7 60. Qd6
Qxd3 61. Qxc7+ Kh6 62. Qd8 Kg7 63. Qe7+ Kg8 64. Qe8+ Kg7 65. Qe7+ Kg8 66. Qe8+
Kg7 67. Qe7+ Kh8 68. Qf8+ Kh7 69. Qf7+ Kh8 70. Qf8+ Kh7 71. Qf7+ Kh8 72. Qf8+
Kh7 73. Qf7+ Kh6 74. Qf8+ Kh7 75. Qf7+ 1/2-1/2

[Event "PRO League Group Stage"]
[Site "chess.com INT"]
[Date "2019.02.28"]
[Round "8"]
[White "Skvortsov, Andrei"]
[Black "Tania, Sachdev"]
[Result "1-0"]
[BlackTitle "IM"]
[WhiteElo "2128"]
[BlackElo "2400"]
[WhiteTeam "Moscow Wizards"]
[BlackTeam "Delhi Dynamite"]
[WhiteFideId "24108600"]
[BlackFideId "5007844"]
[EventDate "2019.01.08"]

1. e4 c5 2. Ne2 b6 3. d4 cxd4 4. Nxd4 Bb7 5. Nc3 a6 6. g3 e6 7. Bg2 Be7 8. O-O
d6 9. Be3 Qc7 10. f4 Nd7 11. Qe2 b5 12. a3 Nc5 13. Rad1 Nf6 14. e5 dxe5 15.
Ndxb5 axb5 16. fxe5 Nfd7 17. Nxb5 Qb8 18. b4 Bxg2 19. Qxg2 O-O 20. Nd4 Na4 21.
Nxe6 fxe6 22. Rxd7 Qxe5 23. Bd4 Qg5 24. Rxf8+ Rxf8 25. h4 Qc1+ 26. Kh2 Bf6 27.
Bxf6 gxf6 28. Qe4 Rf7 29. Qg4+ Kf8 30. Rd8+ Ke7 31. Qd4 Qxc2+ 32. Kg1 Qc1+ 33.
Kf2 Qc2+ 34. Kg1 Qc7 35. Rg8 Qd7 36. Qf2 Qd2 37. Qxd2 1-0

[Event "PRO League Group Stage"]
[Site "chess.com INT"]
[Date "2019.02.28"]
[Round "8"]
[White "Oparin, Grigoriy"]
[Black "Pavlidis, Antonios"]
[Result "0-1"]
[WhiteTitle "GM"]
[BlackTitle "GM"]
[WhiteElo "2613"]
[BlackElo "2533"]
[WhiteTeam "Volga Stormbringers"]
[BlackTeam "Estonia Horses"]
[WhiteFideId "24125890"]
[BlackFideId "4212312"]
[EventDate "2019.01.08"]

1. d4 Nf6 2. Nf3 g6 3. Bg5 Bg7 4. Nbd2 O-O 5. e4 d5 6. e5 Ne4 7. Bh4 c5 8. dxc5
Nxc5 9. Be2 Nc6 10. Bg3 Ne4 11. Bf4 Qc7 12. O-O Nxe5 13. Kh1 Nxd2 14. Qxd2 Nxf3
15. Bxf3 e5 16. Bg3 Be6 17. Bxd5 Rad8 18. c4 Qxc4 19. Bxc4 Rxd2 20. Bxe6 fxe6
21. b3 e4 22. Rae1 Bd4 23. Kg1 Rxa2 24. Rxe4 e5 25. h4 Rb2 26. Kh2 Rxb3 27. f3
Re3 28. Rg4 Re2 29. Kh3 Kg7 30. Rc1 Rf7 31. h5 a5 32. Rc8 a4 33. h6+ Kf6 34.
Bh4+ Ke6 35. Rxd4 exd4 36. Re8+ Kd5 37. Rxe2 b5 38. Rb2 Kc4 39. Be1 a3 40. Rb4+
Kc5 41. Rb1 a2 42. Rc1+ Kd5 43. Rd1 Kc4 44. Bf2 d3 45. Rc1+ Kb3 46. Bd4 d2 47.
Rd1 Kc2 0-1

[Event "PRO League Group Stage"]
[Site "chess.com INT"]
[Date "2019.02.28"]
[Round "8"]
[White "Frolyanov, Dmitry"]
[Black "Ehlvest, Jaan"]
[Result "1-0"]
[WhiteTitle "GM"]
[BlackTitle "GM"]
[WhiteElo "2517"]
[BlackElo "2521"]
[WhiteTeam "Volga Stormbringers"]
[BlackTeam "Estonia Horses"]
[WhiteFideId "4151976"]
[BlackFideId "4500016"]
[EventDate "2019.01.08"]

1. Nf3 d5 2. g3 e6 3. Bg2 Bd6 4. O-O Ne7 5. b3 e5 6. Bb2 f6 7. d3 O-O 8. e4 dxe4
9. dxe4 Be6 10. Nbd2 Nd7 11. Qe2 Nb6 12. Rad1 Qe8 13. a4 a5 14. Nh4 Bc5 15. Nf5
c6 16. Ne3 Qf7 17. Kh1 Rad8 18. f4 exf4 19. gxf4 f5 20. Nf3 Qh5 21. Rxd8 Rxd8
22. exf5 Nxf5 23. Nxf5 Qxf5 24. Nh4 Qg4 25. Bf3 Bd5 26. Bxd5+ 1-0

[Event "PRO League Group Stage"]
[Site "chess.com INT"]
[Date "2019.02.28"]
[Round "8"]
[White "Burg, Twan"]
[Black "Bryakin, Mikhail"]
[Result "1/2-1/2"]
[WhiteTitle "GM"]
[BlackTitle "FM"]
[WhiteElo "2514"]
[BlackElo "2426"]
[WhiteTeam "Estonia Horses"]
[BlackTeam "Volga Stormbringers"]
[WhiteFideId "1010697"]
[BlackFideId "4165314"]
[EventDate "2019.01.08"]

1. e4 c6 2. d4 d5 3. exd5 cxd5 4. Bd3 Nc6 5. c3 Nf6 6. Bf4 g6 7. Nd2 Bf5 8. Bxf5
gxf5 9. Qe2 e6 10. Nh3 Bd6 11. g3 Ne4 12. Nb3 Qc7 13. f3 Nf6 14. Nc5 Bxf4 15.
Nxf4 O-O-O 16. O-O-O Nd7 17. Nxd7 Rxd7 18. Kb1 Kb8 19. Nd3 Rdd8 20. Rhg1 h5 21.
h4 Rdg8 1/2-1/2

[Event "PRO League Group Stage"]
[Site "chess.com INT"]
[Date "2019.02.28"]
[Round "8"]
[White "Narva, Mai"]
[Black "Korchmar, Vasiliy"]
[Result "1-0"]
[WhiteTitle "WIM"]
[BlackTitle "IM"]
[WhiteElo "2347"]
[BlackElo "2424"]
[WhiteTeam "Estonia Horses"]
[BlackTeam "Volga Stormbringers"]
[WhiteFideId "4500512"]
[BlackFideId "24131750"]
[EventDate "2019.01.08"]

1. e4 c5 2. Nf3 d6 3. Bb5+ Nd7 4. O-O a6 5. Bxd7+ Bxd7 6. Re1 Bg4 7. c3 Nf6 8.
d4 g6 9. h3 Bxf3 10. Qxf3 Bg7 11. e5 dxe5 12. dxe5 Nd7 13. e6 fxe6 14. Qxb7 Ne5
15. Bf4 Nd3 16. Qc6+ Kf8 17. Rd1 Rc8 18. Qf3 Kg8 19. Rxd3 Qb6 20. Qe2 Rf8 21.
Bg3 h5 22. h4 g5 23. Na3 gxh4 24. Bxh4 Rf4 25. Bg3 Rg4 26. Re1 Rh6 27. Re3 Kf7
28. Nc4 Qc6 29. Ne5+ Bxe5 30. Rxe5 Rgg6 31. Rxh5 Qa4 32. Rxh6 Rxh6 33. Qe3 Rf6
34. Be5 Rf5 35. Qg3 Qc2 36. Qg7+ Ke8 37. Bg3 Rf6 38. Bh4 Qd2 39. Re3 Qd1+ 40.
Kh2 Qh5 41. Qg8+ Rf8 42. Qg5 Qxg5 43. Bxg5 Rxf2 44. Rxe6 Rxb2 45. Rxa6 Rc2 46.
Re6 Rxc3 47. Rxe7+ Kf8 48. Ra7 Rc2 49. a4 c4 50. Bf6 Ra2 51. a5 Ra3 52. Be7+ 1-0

[Event "PRO League Group Stage"]
[Site "chess.com INT"]
[Date "2019.02.28"]
[Round "8"]
[White "Andriasian, Zaven"]
[Black "Jobava, Baadur"]
[Result "1-0"]
[WhiteTitle "GM"]
[BlackTitle "GM"]
[WhiteElo "2604"]
[BlackElo "2629"]
[WhiteTeam "Armenia Eagles"]
[BlackTeam "Tbilisi Gentlemen"]
[WhiteFideId "13302000"]
[BlackFideId "13601520"]
[EventDate "2019.01.08"]

1. e4 c6 2. Nc3 d5 3. Nf3 Bg4 4. h3 Bxf3 5. Qxf3 e6 6. d3 g6 7. Bd2 h5 8. g3 Bh6
9. Bxh6 Nxh6 10. d4 dxe4 11. Nxe4 Qxd4 12. c3 Qe5 13. O-O-O Ke7 14. g4 Nd7 15.
Qe3 Nf6 16. g5 Nxe4 17. gxh6 f5 18. f3 Qc5 19. Rd4 Nf6 20. b4 Qb6 21. Bc4 Nd5
22. Qe5 Kd7 23. Qg7+ Kd6 24. Re1 Rae8 25. Bb3 Qc7 26. Rxe6+ Rxe6 27. Qxh8 Qe7
28. Qb8+ Qc7 29. Qg8 Qe7 30. h7 Qg5+ 31. Kb2 Re2+ 32. Bc2 Qg2 33. Qd8+ Ke6 34.
Qe8+ Ne7 35. Qg8+ Nxg8 36. hxg8=Q+ Kf6 37. Qb3 Qxh3 38. f4 Qg2 39. Rd7 Re7 40.
Rd6+ Kg7 41. Rd8 Rf7 42. Qe6 1-0

[Event "PRO League Group Stage"]
[Site "chess.com INT"]
[Date "2019.02.28"]
[Round "8"]
[White "Ter-Sahakyan, Samvel"]
[Black "Pantsulaia, Levan"]
[Result "1-0"]
[WhiteTitle "GM"]
[BlackTitle "GM"]
[WhiteElo "2574"]
[BlackElo "2597"]
[WhiteTeam "Armenia Eagles"]
[BlackTeam "Tbilisi Gentlemen"]
[WhiteFideId "13302531"]
[BlackFideId "13602071"]
[EventDate "2019.01.08"]

1. e4 c6 2. d4 d5 3. e5 Bf5 4. Nf3 e6 5. Be2 Nd7 6. O-O Be7 7. c3 g5 8. Ne1 Bg6
9. f4 gxf4 10. Bxf4 Qb6 11. Qd2 c5 12. Kh1 cxd4 13. cxd4 Bb4 14. Nc3 Rc8 15. Nf3
Ne7 16. Rac1 Qa5 17. Bg5 Rg8 18. Bxe7 Kxe7 19. Qg5+ Kf8 20. Nxd5 Kg7 21. Nf6
Rxc1 22. Rxc1 h6 23. Qf4 Nxf6 24. Qxf6+ Kh7 25. a3 Bd2 26. Rc5 Qb6 27. Nxd2 Qxb2
28. Qf4 Rd8 29. Bd3 Qa1+ 30. Nf1 Rg8 31. Qxf7+ 1-0

[Event "PRO League Group Stage"]
[Site "chess.com INT"]
[Date "2019.02.28"]
[Round "8"]
[White "Paichadze, Luka"]
[Black "Gabrielian, Artur"]
[Result "1/2-1/2"]
[WhiteTitle "GM"]
[BlackTitle "GM"]
[WhiteElo "2583"]
[BlackElo "2490"]
[WhiteTeam "Tbilisi Gentlemen"]
[BlackTeam "Armenia Eagles"]
[WhiteFideId "13602934"]
[BlackFideId "4131002"]
[EventDate "2019.01.08"]

1. e4 c5 2. Nf3 d6 3. d4 cxd4 4. Qxd4 Nc6 5. Bb5 a6 6. Bxc6+ bxc6 7. O-O e5 8.
Qd3 Nf6 9. Rd1 Be7 10. Nbd2 Be6 11. Nc4 O-O 12. Bg5 Bxc4 13. Qxc4 Qc7 14. Bxf6
Bxf6 15. Rd3 Be7 16. Rad1 a5 17. Nd2 Rab8 18. Qc3 a4 19. Nc4 Rfd8 20. b3 axb3
21. cxb3 g6 22. a4 Bf8 23. h3 h5 24. a5 Rb5 25. b4 d5 26. Qxe5 Qb7 27. exd5 Rxb4
28. Nb6 Rb5 29. Qf6 Rd6 30. dxc6 Rxc6 31. Qf3 Rf5 32. Rd7 Rxf3 33. Rxb7 Ra3 34.
Nd7 Bg7 35. Nb8 Rd6 36. Re1 Bd4 37. a6 Rf6 38. Re2 Bxf2+ 39. Rxf2 Ra1+ 40. Kh2
Rxf2 41. a7 h4 42. Na6 Rxa6 43. Rb8+ Kg7 44. a8=Q Rxa8 45. Rxa8 g5 46. Ra6 f6
47. Kg1 Rb2 48. Ra5 Kg6 49. Rc5 Re2 50. Ra5 Re5 51. Ra4 Kf5 52. Kf2 Re4 53. Ra6
Rf4+ 54. Ke2 Kg6 55. Rb6 Rf5 56. Ra6 Kh5 57. Ra8 Rf4 58. Rh8+ Kg6 59. Ra8 Kf5
60. Ra5+ Kg6 61. Ra6 Rc4 62. Kf3 Rc2 63. Rb6 Rd2 64. Ra6 Rd5 65. Rb6 Kf5 66. Rb3
Ke5 67. Re3+ Kf5 68. Ra3 Ke6 69. Re3+ Re5 70. Ra3 f5 71. Ra6+ Kf7 72. Rb6 Re6
73. Rb5 Kf6 74. Ra5 Rb6 75. Rc5 Rb3+ 76. Kf2 g4 77. hxg4 fxg4 78. Rh5 g3+ 79.
Ke2 Rb4 80. Kf3 Kg6 81. Rh8 Kg5 82. Rg8+ Kf5 83. Rf8+ Kg6 84. Rh8 Ra4 85. Rg8+
Kh6 86. Rh8+ Kg5 87. Rg8+ Kf6 88. Rf8+ Kg6 89. Rg8+ Kh5 90. Rh8+ Kg5 91. Rg8+
Kf5 92. Rf8+ Ke5 93. Re8+ Kf6 94. Rf8+ Kg7 95. Rf4 Rxf4+ 96. Kxf4 h3 97. Kxg3
hxg2 98. Kxg2 1/2-1/2

[Event "PRO League Group Stage"]
[Site "chess.com INT"]
[Date "2019.02.28"]
[Round "8"]
[White "Volkov, Nika"]
[Black "Sargsyan, Anna M."]
[Result "1/2-1/2"]
[BlackTitle "WFM"]
[WhiteElo "2153"]
[BlackElo "2339"]
[WhiteTeam "Tbilisi Gentlemen"]
[BlackTeam "Armenia Eagles"]
[WhiteFideId "13604376"]
[BlackFideId "13308130"]
[EventDate "2019.01.08"]

1. d4 d5 2. c4 c6 3. Nc3 Nf6 4. Nf3 dxc4 5. e3 b5 6. a4 b4 7. Na2 e6 8. Bxc4 Be7
9. O-O O-O 10. b3 Nbd7 11. Bb2 c5 12. Nc1 Bb7 13. Qe2 Rc8 14. Nd3 a5 15. Rfd1
cxd4 16. Nxd4 Qb6 17. Rac1 Rfd8 18. h3 Bd5 19. Bxd5 Nxd5 20. Nb5 Bf6 21. Bxf6
N7xf6 22. Ne5 Ne4 23. Qf3 f5 24. Qh5 g6 25. Nxg6 Rxc1 26. Rxc1 hxg6 27. Qxg6+
Kf8 28. Nd4 Ndc3 29. Nxf5 Rd7 30. Qh6+ Kg8 31. Qg6+ Kf8 32. Qh6+ Kg8 33. g4 Ne2+
34. Kg2 Nxc1 35. Qg6+ Kf8 36. Qh6+ Kg8 37. Qg6+ Kf8 38. Qh6+ Kg8 39. Qg6+ 1/2-1/2

[Event "PRO League Group Stage"]
[Site "chess.com INT"]
[Date "2019.02.28"]
[Round "8"]
[White "Bordi, Kevin"]
[Black "Borisek, Jure"]
[Result "0-1"]
[BlackTitle "GM"]
[WhiteElo "2288"]
[BlackElo "2584"]
[WhiteTeam "Cannes Blitzstreams"]
[BlackTeam "Ljubljana Turtles"]
[WhiteFideId "621862"]
[BlackFideId "14603152"]
[EventDate "2019.01.08"]

1. d4 f5 2. e4 fxe4 3. Nc3 Nf6 4. Bg5 Nc6 5. d5 Ne5 6. Qe2 Nf7 7. Bxf6 gxf6 8.
Nxe4 Bg7 9. Ng3 O-O 10. Nf5 d6 11. Nxg7 Kxg7 12. Qh5 c6 13. dxc6 bxc6 14. Bd3
Rh8 15. Nf3 Rb8 16. O-O-O Qb6 17. b3 Qb4 18. h3 e5 19. Kb1 Qf4 20. g3 Qh6 21.
Qxh6+ Nxh6 22. c4 d5 23. cxd5 cxd5 24. Bc2 Be6 25. g4 Nf7 26. Rhe1 Rb6 27. Nh4
Nd6 28. Bf5 Bf7 29. Rc1 Rhb8 30. Rc7 R8b7 31. Rec1 Nb5 32. Rc8 Nd4 33. Rd8 Nxb3
34. axb3 Rxb3+ 35. Kc2 Rxh3 36. Ng2 Rf3 37. Ne3 Rxf2+ 38. Kd1 Rh2 39. Rc2 Rb1+
40. Rc1 Rh1+ 41. Kd2 Rbxc1 42. Rd7 Rc6 43. Nxd5 Rh2+ 44. Ke3 Rh3+ 45. Kf2 Rb3
46. Ne7 Rcc3 47. Ke2 Rb2+ 48. Kd1 Rg3 49. Kc1 Rh2 50. Rd1 Rc3+ 51. Kb1 Ba2+ 52.
Ka1 Bb3 53. Rd7 Rc1+ 54. Bb1 Ra2# 0-1

[Event "PRO League Group Stage"]
[Site "chess.com INT"]
[Date "2019.02.28"]
[Round "8"]
[White "Unuk, Laura"]
[Black "Cornette, Matthieu"]
[Result "0-1"]
[WhiteTitle "WIM"]
[BlackTitle "GM"]
[WhiteElo "2234"]
[BlackElo "2587"]
[WhiteTeam "Ljubljana Turtles"]
[BlackTeam "Cannes Blitzstreams"]
[WhiteFideId "14609215"]
[BlackFideId "620084"]
[EventDate "2019.01.08"]

1. d4 Nf6 2. c4 e6 3. Nf3 a6 4. g3 b5 5. c5 Bb7 6. Bg2 d6 7. cxd6 Bxd6 8. O-O
O-O 9. Nc3 Nbd7 10. a3 h6 11. Qc2 c5 12. dxc5 Nxc5 13. Rd1 Qe7 14. b4 Nce4 15.
Bb2 Rac8 16. Qb3 Bb8 17. Nxe4 Nxe4 18. Ne5 Bd5 19. Qe3 Ba7 20. Bd4 Bxd4 21. Rxd4
Rc3 22. Nd3 f5 23. Qf4 Rfc8 24. Rd1 Qf6 25. Qe3 Rxa3 26. f3 Nc3 27. Re1 Na2 28.
Qe5 Qxe5 29. Nxe5 Rc2 30. e4 fxe4 31. fxe4 Bb3 32. Rd8+ Kh7 33. h4 h5 34. Rf1
Rc1 35. Rxc1 Nxc1 36. Nd7 Bc4 37. Kh2 Ne2 38. Nf8+ Kh6 39. Rd6 Rxg3 40. Rxa6 Rg4
41. Nxe6 Rxh4+ 42. Bh3 g6 43. Nf8 Nf4 44. Kg3 Rxh3+ 45. Kxf4 Kg7 46. Nxg6 Rb3
47. Kf5 Rxb4 48. Ra7+ Kh6 49. Nf8 Bg8 50. e5 Rb1 51. Nd7 Rf1+ 52. Ke4 Bh7+ 53.
Kd5 h4 54. Nf6 Bg6 55. Ng4+ Kg5 56. Ne3 Re1 57. Nc2 Bxc2 58. e6 Bb3+ 59. Kc5
Bxe6 60. Kxb5 h3 61. Rg7+ Kf4 62. Rh7 Bg4 63. Kc5 Kg3 64. Kd4 h2 0-1

[Event "PRO League Group Stage"]
[Site "chess.com INT"]
[Date "2019.02.28"]
[Round "8"]
[White "Stevanic, David"]
[Black "Lagarde, Maxime"]
[Result "0-1"]
[WhiteTitle "FM"]
[BlackTitle "GM"]
[WhiteElo "2304"]
[BlackElo "2604"]
[WhiteTeam "Ljubljana Turtles"]
[BlackTeam "Cannes Blitzstreams"]
[WhiteFideId "14613921"]
[BlackFideId "662399"]
[EventDate "2019.01.08"]

1. e4 Nc6 2. Nf3 e6 3. d4 d5 4. exd5 exd5 5. Bb5 Bd6 6. O-O Ne7 7. Bg5 O-O 8. c3
Bg4 9. Nbd2 f6 10. Bh4 Nf5 11. Bg3 Nxg3 12. hxg3 Ne7 13. Re1 c6 14. Bd3 Qd7 15.
Qc2 g6 16. Nf1 Rae8 17. Ne3 Be6 18. Re2 Bf7 19. Rae1 Nc8 20. Nf1 Rxe2 21. Rxe2
Re8 22. Rxe8+ Qxe8 23. Qe2 Bf8 24. Qxe8 Bxe8 25. Ne3 Kf7 26. Kf1 Ke6 27. Ke2 Nd6
28. Nd2 Bh6 29. Nb3 b6 30. Ng4 Bf8 31. Ne3 a5 32. Nd2 h5 33. Nb3 g5 34. Nd2 g4
35. f3 f5 36. Nc2 Bh6 37. Ne1 c5 38. dxc5 bxc5 39. Nb3 c4 40. Nd4+ Kf6 41. Bb1
a4 42. b3 cxb3 43. axb3 a3 44. Nec2 Bc1 45. Kd1 Bb2 46. Ne2 Nb5 47. Ne3 Bc6 48.
c4 dxc4 49. bxc4 gxf3 50. gxf3 Nd4 51. Nxd4 Bxd4 52. Ke2 Bd7 53. Nc2 Bc5 54. Ba2
f4 55. gxf4 h4 56. Ne3 h3 57. Nf1 Bf5 58. Kd2 Bh7 59. Kc3 Kf5 60. Kb3 Kxf4 61.
Nh2 Kg3 62. Ng4 Bf5 63. Nh6 Be6 64. Ka4 Bd7+ 65. Ka5 h2 66. Nf5+ Bxf5 67. Bb1
Bxb1 68. Kb5 Be3 0-1

[Event "PRO League Group Stage"]
[Site "chess.com INT"]
[Date "2019.02.28"]
[Round "8"]
[White "Alvarado Diaz, Alejandro"]
[Black "Vachier-Lagrave, Maxime"]
[Result "0-1"]
[WhiteTitle "IM"]
[BlackTitle "GM"]
[WhiteElo "2388"]
[BlackElo "2780"]
[WhiteTeam "Barcelona Raptors"]
[BlackTeam "Marseille Migraines"]
[WhiteFideId "2276119"]
[BlackFideId "623539"]
[EventDate "2019.01.08"]

1. e4 c5 2. Nc3 d6 3. f4 g6 4. Nf3 Bg7 5. Bb5+ Bd7 6. Bc4 Nc6 7. d3 Na5 8. Bd2
Nxc4 9. dxc4 Bc6 10. Qe2 e6 11. e5 Ne7 12. Ne4 Nf5 13. Bc3 d5 14. cxd5 exd5 15.
Nxc5 d4 16. Bd2 O-O 17. O-O Rc8 18. Bb4 a5 19. Ba3 b5 20. b4 Ne3 21. Rfd1 Bxf3
22. Qxf3 Nxc2 23. Rac1 axb4 24. Nb7 Qb6 25. Bb2 d3+ 26. Kh1 Ne1 27. Qe4 Qf2 28.
Rxe1 d2 29. Nd6 Rxc1 30. Bxc1 dxe1=Q+ 0-1